| 000 | 00815nam a2200205Ia 4500 | ||
|---|---|---|---|
| 005 | 20241216011325.0 | ||
| 008 | 190429s9999||||xx |||||||||||||| ||und|| | ||
| 082 |
_a618.8 _bM28 |
||
| 100 | _aMATOS ESPINOZA PERCY ROY, MUÑOS DE LA TORRE ROSSIBEL JUANA | ||
| 245 | 0 | _aACEITE DE COPAIBA EN LA FASE DE EPITELIALIZACION CELULAR EN HERIDAS EPISIOTOMIZADAS EN PACIENTES PUERPERAS HOSPITALIZADAS EN EL SERVICIO DE GINECO-OBSTETRICIA HOSPITAL ESSALUD PASCO MARZO-JULIO DEL 2006 | |
| 250 | _a0 | ||
| 260 |
_aCERRO DE PASCO-PERU _bUNDAC _c2006 |
||
| 300 |
_a61 pag. _c30 cm. |
||
| 341 | _h0 | ||
| 490 |
_v0 _a0 |
||
| 505 | _aINTRODUCCION/MATERIAL Y METODOS/RESULTADOS/DISCUSION/CONCLUIONES/RECOMENDACIONES/BIBLIOGRAFIA | ||
| 541 |
_aD _bMATOS ESPINOZA PERCY _d26-Feb-08 _oSoles |
||
| 650 | _aObstetricia | ||
| 942 | _cTESIS | ||
| 999 |
_c38764 _d38764 |
||